La fábrica de la estrategia: 33 lecciones sobre Lenin

Zapisane w:
Opis bibliograficzny
1. autor: Negri, Antonio (autor)
Format: Książka
Język:hiszpański
Wydane: Madrid Akal Ediciones 2004
Wydanie:1a. ed
Seria:Cuestiones de Antagonismo, 27
Hasła przedmiotowe:
Etykiety: Dodaj etykietę
Nie ma etykietki, Dołącz pierwszą etykiete!

MARC

LEADER 00000cam a2200000 a 4500
001 UCE8983
003 CL-VaPUC
008 150911e20040000sp |||||||||||||||||spa|d
020 |a 9788446018292 
082 0 4 |a 330.122  |b NEG  |2 21 
100 |a Negri, Antonio  |e autor  |9 455299 
245 1 3 |a La fábrica de la estrategia: 33 lecciones sobre Lenin 
250 |a 1a. ed 
300 |a 283 p 
942 |c BK 
945 |d 20150911 12:29:00  |a gsalatino 
260 |a Madrid  |b Akal Ediciones  |c 2004 
600 0 |a Lenin, Vladimir Ilich  |d 1870-1924  |9 319799 
650 0 |a Capitalismo  |9 255255 
650 7 |a SISTEMA CAPITALISTA  |2 CL-VaPUC  |9 430261 
650 0 |a Lucha de clases  |9 403122 
650 7 |a REVOLUCION  |2 CL-VaPUC  |9 338298 
583 |a last modification  |c 20150911 12:29:00  |k Rodrigo Vera 
490 0 |a Cuestiones de Antagonismo, 27 
999 |c 360732  |d 360730 
952 |0 0  |1 0  |3 erb  |4 0  |6 330_122000000000000_NEG_2004  |7 0  |8 A  |9 470653  |a BIBEDU  |b BIBEDU  |i 5198607  |o 330.122 NEG 2004  |p 5198607  |r 2019-11-23  |w 2019-11-23  |y BK  |z Catalogado en:20150911  |k FIL